Welcome to Marium Abdulla Library

Embrace knowledge with a breath of fresh air.

Browse Collection

Marium Abdulla Library

The ungrateful refugee (Record no. 14409)

MARC details
000 -LEADER
fixed length control field 01746cam a22004457i 4500
001 - CONTROL NUMBER
control field 21150161
003 - CONTROL NUMBER IDENTIFIER
control field IVS
005 - DATE AND TIME OF LATEST TRANSACTION
control field 20250626031026.0
008 - FIXED-LENGTH DATA ELEMENTS--GENERAL INFORMATION
fixed length control field 190826s2019 stk 000 0aeng d
010 ## - LIBRARY OF CONGRESS CONTROL NUMBER
LC control number 2018493572
015 ## - NATIONAL BIBLIOGRAPHY NUMBER
National bibliography number GBB943010
Source bnb
016 7# - NATIONAL BIBLIOGRAPHIC AGENCY CONTROL NUMBER
Record control number 019282509
Source Uk
020 ## - INTERNATIONAL STANDARD BOOK NUMBER
International Standard Book Number 9781786893451
Qualifying information hardcover
020 ## - INTERNATIONAL STANDARD BOOK NUMBER
International Standard Book Number 1786893452
Qualifying information hardcover
020 ## - INTERNATIONAL STANDARD BOOK NUMBER
International Standard Book Number 1786893460
Qualifying information paperback
020 ## - INTERNATIONAL STANDARD BOOK NUMBER
International Standard Book Number 9781786893468
Qualifying information paperback
020 ## - INTERNATIONAL STANDARD BOOK NUMBER
Canceled/invalid ISBN 9781786893475
Qualifying information ePub ebook
035 ## - SYSTEM CONTROL NUMBER
System control number (OCoLC)on1061820534
040 ## - CATALOGING SOURCE
Original cataloging agency YDX
Language of cataloging eng
Transcribing agency YDX
Description conventions rda
Modifying agency OCLCQ
-- UKMGB
-- OCLCO
-- OCLCF
-- ATNSH
-- YDXIT
-- NZHWP
-- DLC
042 ## - AUTHENTICATION CODE
Authentication code lccopycat
043 ## - GEOGRAPHIC AREA CODE
Geographic area code a-ir---
050 00 - LIBRARY OF CONGRESS CALL NUMBER
Classification number HV640.5.I73
Item number N39 2019
082 00 - DEWEY DECIMAL CLASSIFICATION NUMBER
Classification number 305.906914 /NAY
Edition information 23
Item number 20729
100 1# - MAIN ENTRY--PERSONAL NAME
Personal name Nayeri, Dina
245 14 - TITLE STATEMENT
Title The ungrateful refugee
260 ## - PUBLICATION, DISTRIBUTION, ETC.
Place of publication, distribution, etc. Edinburgh
Name of publisher, distributor, etc. Canongate,
Date of publication, distribution, etc. 2019.
300 ## - PHYSICAL DESCRIPTION
Extent x, 370 pages ;
Dimensions 23 cm
336 ## - CONTENT TYPE
Content type term text
Content type code txt
Source rdacontent
520 ## - SUMMARY, ETC.
Summary, etc. What is it like to be a refugee? It is a question many of us do not give much thought, and yet there are more than 25 million refugees in the world. To be a refugee is to grapple with your place in society, attempting to reconcile the life you have known with a new, unfamiliar home.
600 10 - SUBJECT ADDED ENTRY--PERSONAL NAME
Personal name Nayeri, Dina
General subdivision Childhood and youth.
650 #0 - SUBJECT ADDED ENTRY--TOPICAL TERM
Topical term or geographic name entry element Refugee children
Geographic subdivision Iran.
650 #0 - SUBJECT ADDED ENTRY--TOPICAL TERM
Topical term or geographic name entry element Refugee children
General subdivision Social conditions.
650 #7 - SUBJECT ADDED ENTRY--TOPICAL TERM
Topical term or geographic name entry element Refugee children.
Source of heading or term fast
Authority record control number or standard number (OCoLC)fst01092779
650 #7 - SUBJECT ADDED ENTRY--TOPICAL TERM
Topical term or geographic name entry element Refugee children
General subdivision Social conditions.
Source of heading or term fast
Authority record control number or standard number (OCoLC)fst01092792
651 #7 - SUBJECT ADDED ENTRY--GEOGRAPHIC NAME
Geographic name Iran.
Source of heading or term fast
Authority record control number or standard number (OCoLC)fst01204889
776 08 - ADDITIONAL PHYSICAL FORM ENTRY
International Standard Book Number 9781786893475
906 ## - LOCAL DATA ELEMENT F, LDF (RLIN)
a 7
b cbc
c copycat
d 3
e ncip
f 20
g y-gencatlg
942 ## - ADDED ENTRY ELEMENTS (KOHA)
Source of classification or shelving scheme Dewey Decimal Classification
Koha item type Book
Suppress in OPAC No
Holdings
Date last seen Total checkouts Full call number Barcode Price effective from Koha item type Lost status Source of classification or shelving scheme Damaged status Not for loan Collection Withdrawn status Home library Current library Shelving location Date acquired Source of acquisition Cost, normal purchase price
04/14/2022   305.906914 /NAY 20729 04/14/2022 Book   Dewey Decimal Classification     Foundation Year   Marium Abdulla Library Marium Abdulla Library Non-Ref 04/14/2022 Royal Book 2537.00